000 00506nam a22001817a 4500
005 20251108164729.0
008 250721s1993 xx 000 0 ara d
082 1 4 _a615.1/جاك
100 1 _aجاكوب، ليونارد
245 1 0 _aعلم الأدوية /
264 1 _aدمشق :
_bدار المعرفة،
_c1993.
300 _a384ص
650 1 7 _aعلم الصيدلة
650 1 7 _aالأدوية
700 1 _aحيدر، فاضل الشيخ
_eترجمة
942 _2ddc
_cBK
999 _c12960
_d12960